| 000 | 00000nam##2200000za#4500 |
| 001 | 9.694865 |
| 003 | CaOODSP |
| 005 | 20220324083504 |
| 007 | cr ||||||||||| |
| 008 | 150407|2009||||xxc|||||o f|0| 0 eng|d |
| 040 | |aCaOODSP|beng |
| 043 | |an-cn--- |
| 086 | 1 |aIN4-10/2009E-PDF |
| 110 | 2 |aOffice of the Superintendent of Financial Institutions Canada. |
| 245 | 10|aReport on Office of the Superintendent of Financial Institutions, Office of the Chief Actuary (OCA), Social Insurance Programs Section (SIP), Canada Pension Plan statutory actuarial report review (CPP - statutory actuarial report) |h[electronic resource] |
| 246 | 1 |aReport on CPP - statutory actuarial report review |
| 260 | |aOttawa - Ontario : |bOffice of the Superintendent of Financial Institutions |cJune 2009. |
| 590 | |a11-14-Supp|b2011-08-12 |
| 690 | 07|aFinancial institutions|2gcpds |
| 775 | 08|tBureau du surintendant des institutions financières, Bureau de l'actuaire en chef (BAC), Section des programmes d'assurance sociale, Examen du rapport actuariel réglementaire sur le Régime de pensions du Canada (rapport actuariel réglementaire sur le RPC) |w(CaOODSP)9.639034 |
| 856 | 40|ahttp://publications.gc.ca|qPDF|s202 Ko|uhttps://publications.gc.ca/collections/collection_2011/bsif-osfi/IN4-10-2009-eng.pdf |